| 000 | 00526nam a2200181Ia 4500 | ||
|---|---|---|---|
| 999 |
_c32476 _d32476 |
||
| 003 | OSt | ||
| 005 | 20200727114514.0 | ||
| 008 | 190216s9999||||xx |||||||||||||| ||und|| | ||
| 020 | _a9789535106692 | ||
| 040 | _coclc | ||
| 082 |
_a512.5 _bYAS/L |
||
| 100 |
_a Yasser, Hassan Abid _93774 |
||
| 245 | 0 |
_aLinear Algebra Theorms And Applications / _cHassan Abid Yasser |
|
| 260 |
_bIntech, _c2014. _aCroatia: |
||
| 300 | _a250p | ||
| 650 | _aMathe Matics | ||
| 942 |
_cBK _2ddc _h512.5 _iYAS/L _k512.5 _mYAS/L |
||